ՀՀ Գիտությունների ազգային ակադեմիայի հիմնարար գիտական գրադարան  =   Fundamental Scientific Library of NAS RA
Normal view MARC view

Entry Personal Name

Number of records used in: 8

001 - CONTROL NUMBER

  • control field: 4088

003 - CONTROL NUMBER IDENTIFIER

  • control field: AM-YEHGA

005 - DATE AND TIME OF LATEST TRANSACTION

  • control field: 20250617070449.0

008 - FIXED-LENGTH DATA ELEMENTS

  • fixed length control field: 120521 a|ac|n|aab||||||||||||a |n|||||||

040 ## - CATALOGING SOURCE

  • Original cataloging agency: AM-YEHGA

100 1# - HEADING--PERSONAL NAME

  • Personal name: Հարենց, Էդուարդ,
  • Dates associated with a name: 1981-

400 1# - SEE FROM TRACING--PERSONAL NAME

  • Personal name: Հարենց, Էդուարդ

400 1# - SEE FROM TRACING--PERSONAL NAME

  • Personal name: Аренц, Эдуард,
  • Dates associated with a name: 1981-

400 1# - SEE FROM TRACING--PERSONAL NAME

  • Personal name: Harents, Eduard,
  • Dates associated with a name: 1981-

400 1# - SEE FROM TRACING--PERSONAL NAME

  • Personal name: Harents, Eduard

670 ## - SOURCE DATA FOUND

  • Source citation: Լեթարգիական արթնություն : Բանաստեղծություններ, 2012 :
  • Information found: Հարենց Էդուարդ [ծ. 1981 թ., Տաթևում], բանաստեղծ, թարգմանիչ: «Գրեթերթի մրց. (2007, 2009, 2011):

670 ## - SOURCE DATA FOUND

  • Source citation: Ծաղկած բառեր : Վրացական երիտասարդական պոեզիայի երկլեզվյա անթոլոգիա, 2011 :
  • Information found: (թարգմ.՝ Էդուարդ Հարենց)

670 ## - SOURCE DATA FOUND

  • Source citation: La respiration de la pierre /V. Hakobian, 2009 :
  • Information found: t.p. (trad. de l'armenien par Eduard Harents)


ՀՀ ԳԱԱ հիմնարար գիտական գրադարան
ՀՀ,Երևան 0019
Մարշալ Բաղրամյան 24/6
հեռախոս:(374-10) 52-47-50
Հետադարձ կապ

All site content, except where otherwise noted, is licensed under a
Creative Commons License